000 00373nam a22001577a 4500
005 20251108175838.0
008 250721s1994 xx 000 0 eng d
082 1 4 _aJ/F/WAI
100 1 _aWALLACE, LEW
245 1 0 _aBEN-HUR /
264 1 _anew delhi :
_bCHAND & COMPANY,
_c1994.
300 _a179P.
650 1 7 _aENGLISH FICTION
942 _2ddc
_cBK
999 _c143815
_d143815